000 00832cam a2200193 4500
001 WB3901-37
008 030109n2003 000 0 eng u
035 _a(Sirsi) u120953
245 _aDemonstration farms open gates
260 _c2003
490 _aDEFRA News Release
_v(3/03) 7 January 2003, (2)
520 _aOver 20 farms across England have joined a government funded network of demonstration farms to pool experiences and learn about new methods of farming. The pilot scheme includes monitor farms, farms demonstrating rural integration, and a 'virtual pig farm'. Further information available from www.forwardfarming.org.uk. www.defra.gov.uk/NEWS/2003/030107A.HTM
590 _aWB
650 _aFARMING
650 _aDEMONSTRATION FARMS
650 _aSUSTAINABLE FARMING
690 _aRural
_96268
942 _n0
999 _c71901
_d71901